| 000 | 00619nam a2200217 a 4500 | ||
|---|---|---|---|
| 008 | |||
| 020 | _a0256102147 (pbk.) | ||
| 049 | _aMAIN | ||
| 090 |
_aQA76.73.B3 _bROC |
||
| 100 | _aRochester, Jack B. | ||
| 245 | 0 | 0 |
_aBASIC programming / _cJack B. Rochester. |
| 260 |
_aHomewood, IL : _bIrwin, _c1991. |
||
| 300 |
_avii, 78 p. ; _c26 cm. |
||
| 650 | 0 | _aBASIC (Computer program language). | |
| 650 | 0 |
_aMicrocomputers _xProgramming. |
|
| 907 |
_a.b10058606 _b17-09-09 _c17-04-03 |
||
| 003 | |||
| 005 | 20230123133234.0 | ||
| 040 | _cNUST | ||
| 942 |
_cBOOKS _kQA76.73.B3 _mROC |
||
| 999 |
_c145153 _d145153 |
||